| 000 | 00961nam a2200265 i 4500 | ||
|---|---|---|---|
| 001 | bg | ||
| 100 | 1 | _aOCIOSZYŃSKI, Jerzy | |
| 245 | 1 | 0 |
_aElektrotechnika i elektronika pojazdów samochodowych : _bpodręcznik dla technikum / _cJerzy Ocioszyński. |
| 250 | _aWyd. 6. | ||
| 260 |
_aWarszawa : _bWydawnictwa Szkolne i Pedagogiczne, _c[2004]. |
||
| 300 |
_a223, [1] s. : _bfot., rys., tab., wykr. ; _c24 cm. |
||
| 504 | _aBibliogr. s. [224]. | ||
| 650 | 9 |
_aSamochody _xelektronika |
|
| 650 | 9 |
_aSamochody _xelektrotechnika |
|
| 655 | _aPodręczniki dla szkół zawodowych | ||
| 015 | _aPB 17950/2004 | ||
| 020 | _a8302081418 | ||
| 040 | _cBPK | ||
| 041 | 0 | _apol | |
| 080 | _a629.33:621.3](075.3.053.7) | ||
| 920 | _a83-02-08141-8 | ||
| 942 | _cKS | ||
| 008 | s pl f |000 0 pol | ||
| 999 |
_c51628 _d51628 |
||
| 856 |
_uhttp://koha.tu.koszalin.pl/cgi-bin/koha/opac-detail.pl?biblionumber=51628 _yKatalog online BPK |
||